Analýza siedmich pravidiel - zoskupení bodov v regulačných diagramoch, ktoré pracovníkom v oblasti štatistického riadenia kvality pomáhajú identifikovať prítomnosť vymedziteľných príčin variability v procese

Saved in:
Bibliographic Details
Main Author: Hrnčiarová, Ľubica
Other Authors: Terek, Milan
Format: Book Chapter
Language:Slovak
Tags: Add Tag
No Tags, Be the first to tag this record!

MARC

LEADER 00000nla$a2200000$$$4500
001 0062313
005 20240502071713.0
041 0 |a slo 
044 |a SK 
245 1 0 |a Analýza siedmich pravidiel - zoskupení bodov v regulačných diagramoch, ktoré pracovníkom v oblasti štatistického riadenia kvality pomáhajú identifikovať prítomnosť vymedziteľných príčin variability v procese  |c Ľubica Hrnčiarová, Milan Terek 
100 1 |a Hrnčiarová, Ľubica 
700 1 |a Terek, Milan